000 00526nam a2200145Ia 4500
008 200226s9999 xx 000 0 und d
020 _a978-1-5264-4003-7
100 _aCooper, Mick
245 _cMick Cooper.--
_aIntegrating counselling & psychotherapy :
_bdirectionality, synergy & social challenge /
260 _aLondon :
_bSAGE Publications Ltd
_c2019
300 _axi , 298 pages :
_billustration ;
_c22 cm.
500 _aIncludes bibliographical references and index.
650 _aCounseling.
650 _aPsychotherapy.
999 _c362968
_d362968